[Event "Gibraltar ChallWk2 11th"]
[Site "Gibraltar"]
[Date "2013.01.28"]
[Round "3.12"]
[White "Bryn, Askild"]
[Black "Scharrer, Patrick"]
[Result "1/2-1/2"]
[WhiteElo "2019"]
[BlackElo "2248"]
[PlyCount "72"]
[EventDate "2013.01.26"]
[EventType "swiss"]
[EventRounds "5"]
[EventCountry "GGB"]
[SourceTitle "BritBase"]
[Source "www.saund.co.uk"]
[SourceDate "2018.02.10"]
[SourceVersion "1"]
[SourceVersionDate "2018.02.10"]
[SourceQuality "1"]

1. Nf3 g6 2. g3 Bg7 3. Bg2 d6 4. c4 e5 5. Nc3 Nc6 6. e3 Nge7 7. O-O O-O 8. d4
exd4 9. Nxd4 Bd7 10. Nxc6 bxc6 11. Qc2 Qc8 12. Re1 Bh3 13. Bh1 a5 14. Rb1 Ra6
15. b3 Bf5 16. e4 Be6 17. Bb2 Qa8 18. Rbd1 Rb8 19. Na4 Bxb2 20. Qxb2 Rb4 21.
Qf6 Qf8 22. e5 c5 23. exd6 cxd6 24. Bd5 Bxd5 25. Rxe7 Bxc4 26. Rde1 Ra8 27.
Qxd6 Rd8 28. Qf6 Bb5 29. Nxc5 Rbd4 30. Qb6 Rd1 31. Kg2 Bf1+ 32. Kf3 R8d5 33.
R1e5 R1d3+ 34. Nxd3 Rxd3+ 35. Kf4 Qh6+ 36. Rg5 Qf8 1/2-1/2

[Event "Gibraltar ChallWk2 11th"]
[Site "Gibraltar"]
[Date "2013.01.28"]
[Round "3.13"]
[White "Bird, Andrew"]
[Black "Hamer, Martyn"]
[Result "1/2-1/2"]
[WhiteElo "2223"]
[BlackElo "2025"]
[PlyCount "102"]
[EventDate "2013.01.26"]
[EventType "swiss"]
[EventRounds "5"]
[EventCountry "GGB"]
[SourceTitle "BritBase"]
[Source "www.saund.co.uk"]
[SourceDate "2018.02.10"]
[SourceVersion "1"]
[SourceVersionDate "2018.02.10"]
[SourceQuality "1"]

1. Nf3 Nf6 2. b3 d5 3. Bb2 e6 4. e3 Be7 5. d4 O-O 6. Bd3 c5 7. O-O Nc6 8. Ne5
Qc7 9. a3 b6 10. f4 Ne4 11. Bxe4 dxe4 12. Nd2 f5 13. dxc5 Bxc5 14. Qe2 Rd8 15.
Nxc6 Qxc6 16. b4 Bf8 17. Rfc1 Bb7 18. Bd4 Rac8 19. c4 g6 20. Nb3 Bg7 21. Bxg7
Kxg7 22. Qb2+ Kg8 23. Nd4 Qd6 24. Rc2 Ba6 25. Rac1 e5 26. c5 bxc5 27. bxc5 Qd5
28. fxe5 Qxe5 29. Qb3+ Kh8 30. Qe6 Qxe6 31. Nxe6 Rd3 32. Rc3 Kg8 33. c6 Kf7 34.
Ng5+ Ke7 35. Nxh7 Kd6 36. h4 Bb5 37. c7 Rxc3 38. Rxc3 Rxc7 39. Rxc7 Kxc7 40.
Kf2 Kb6 41. Nf6 Bc6 42. Ke2 Kb5 43. Kd2 Ka4 44. g4 fxg4 45. Nxg4 Kb3 46. Nf6 a5
47. h5 gxh5 48. Nxh5 a4 49. Kc1 Kxa3 50. Kb1 Kb3 51. Nf6 Kc3 1/2-1/2

[Event "Gibraltar ChallWk2 11th"]
[Site "Gibraltar"]
[Date "2013.01.28"]
[Round "3.14"]
[White "Ungureanu, Sandu"]
[Black "Pena Riasco, Alexander"]
[Result "0-1"]
[WhiteElo "2019"]
[BlackElo "2156"]
[PlyCount "104"]
[EventDate "2013.01.26"]
[EventType "swiss"]
[EventRounds "5"]
[EventCountry "GGB"]
[SourceTitle "BritBase"]
[Source "www.saund.co.uk"]
[SourceDate "2018.02.10"]
[SourceVersion "1"]
[SourceVersionDate "2018.02.10"]
[SourceQuality "1"]

1. e4 d5 2. exd5 Qxd5 3. Qf3 Nf6 4. Qxd5 Nxd5 5. d4 Nb4 6. Na3 Bf5 7. c3 Nd3+
8. Bxd3 Bxd3 9. Bf4 c6 10. O-O-O Ba6 11. Nf3 Be2 12. Rd2 Bxf3 13. gxf3 e6 14.
Nc4 Nd7 15. Bd6 Nb6 16. Nxb6 axb6 17. Bxf8 Kxf8 18. b3 b5 19. Rg1 g6 20. Kb2
Ke7 21. Ra1 Rhd8 22. c4 bxc4 23. bxc4 Ra5 24. Rb1 Kd7 25. Kb3 Kc7 26. a4 Rf5
27. Rd3 c5 28. d5 exd5 29. cxd5 Rdxd5 30. Re3 Rf4 31. Ka3 b6 32. a5 bxa5 33.
Rb5 Kc6 34. Rxa5 Rdf5 35. Ra6+ Kb5 36. Ra8 Rxf3 37. Kb3 Rxe3+ 38. fxe3 Re5 39.
Rb8+ Kc6 40. Kc4 Rxe3 41. Rc8+ Kd6 42. Rd8+ Ke7 43. Rd2 Re5 44. Ra2 h5 45. Rg2
g5 46. Rf2 g4 47. Kb5 f5 48. h4 Ke6 49. Kc4 g3 50. Rf3 g2 51. Rg3 Re4+ 52. Kxc5
Rg4 0-1

[Event "Gibraltar ChallWk2 11th"]
[Site "Gibraltar"]
[Date "2013.01.28"]
[Round "3.15"]
[White "Berg, Soren"]
[Black "Cichy, Michael"]
[Result "1/2-1/2"]
[WhiteElo "2152"]
[BlackElo "2014"]
[PlyCount "69"]
[EventDate "2013.01.26"]
[EventType "swiss"]
[EventRounds "5"]
[EventCountry "GGB"]
[SourceTitle "BritBase"]
[Source "www.saund.co.uk"]
[SourceDate "2018.02.10"]
[SourceVersion "1"]
[SourceVersionDate "2018.02.10"]
[SourceQuality "1"]

1. e4 c5 2. Nc3 e6 3. f4 a6 4. Nf3 Nc6 5. g3 d5 6. Bg2 d4 7. Ne2 d3 8. cxd3
Qxd3 9. O-O Nf6 10. Ne1 Qd7 11. Nc3 Nd4 12. e5 Ng8 13. Ne4 Rb8 14. d3 h5 15. h3
Be7 16. Kh2 g6 17. Be3 Nh6 18. Rc1 b6 19. Bf2 Nhf5 20. Kg1 Bb7 21. g4 hxg4 22.
hxg4 Nh4 23. Bh1 g5 24. Bxh4 Rxh4 25. Bg2 gxf4 26. Rxf4 Bxe4 27. Rxe4 Bg5 28.
Rc4 Ke7 29. Nf3 Nxf3+ 30. Qxf3 Rd8 31. Bf1 Kf8 32. Rc2 Kg7 33. Rf2 Rf8 34. Rc2
a5 35. Rf2 1/2-1/2

[Event "Gibraltar ChallWk2 11th"]
[Site "Gibraltar"]
[Date "2013.01.28"]
[Round "3.16"]
[White "Gromovs, Sergejs"]
[Black "Kvisla, Johannes Luangtep"]
[Result "1/2-1/2"]
[WhiteElo "2001"]
[BlackElo "2148"]
[PlyCount "69"]
[EventDate "2013.01.26"]
[EventType "swiss"]
[EventRounds "5"]
[EventCountry "GGB"]
[SourceTitle "BritBase"]
[Source "www.saund.co.uk"]
[SourceDate "2018.02.10"]
[SourceVersion "1"]
[SourceVersionDate "2018.02.10"]
[SourceQuality "1"]

1. d4 d5 2. c4 c6 3. Nc3 Nf6 4. Nf3 e6 5. e3 Nbd7 6. Qc2 Bd6 7. g4 h6 8. h3 a6
9. Bd2 dxc4 10. Bxc4 b5 11. Be2 Bb7 12. e4 c5 13. e5 cxd4 14. exd6 dxc3 15.
Bxc3 Rc8 16. Qd1 Qb6 17. Qd4 Qxd4 18. Bxd4 Rc6 19. Bc3 Rxd6 20. a4 bxa4 21.
Rxa4 Nb6 22. Ra3 Nbd5 23. Be5 Rc6 24. O-O O-O 25. Rfa1 Ra8 26. Nd4 Rb6 27. Nb5
Nd7 28. Bd4 Rc6 29. Bf3 Rd8 30. Nc3 Rc4 31. Nxd5 Bxd5 32. Bxd5 exd5 33. Ba7 Nc5
34. Bxc5 Rxc5 35. Rxa6 1/2-1/2

[Event "Gibraltar ChallWk2 11th"]
[Site "Gibraltar"]
[Date "2013.01.28"]
[Round "3.17"]
[White "Davey, Mark"]
[Black "Jameson, David"]
[Result "0-1"]
[WhiteElo "1990"]
[BlackElo "2143"]
[PlyCount "62"]
[EventDate "2013.01.26"]
[EventType "swiss"]
[EventRounds "5"]
[EventCountry "GGB"]
[SourceTitle "BritBase"]
[Source "www.saund.co.uk"]
[SourceDate "2018.02.10"]
[SourceVersion "1"]
[SourceVersionDate "2018.02.10"]
[SourceQuality "1"]

1. c4 Nf6 2. g3 e5 3. Bg2 d5 4. cxd5 Nxd5 5. Nc3 Nb6 6. b3 Be7 7. Nf3 Nc6 8.
Bb2 O-O 9. O-O Be6 10. Rc1 f5 11. d3 a6 12. Qc2 Bf6 13. Rfd1 Rf7 14. Rd2 Rd7
15. Rcd1 Qe7 16. e3 Rad8 17. Ne2 Qf7 18. d4 Nb4 19. Qb1 e4 20. d5 Bxd5 21. Nfd4
c5 22. Nc2 Nd3 23. Bxf6 Qxf6 24. Na3 Be6 25. Nc1 Nxf2 26. Rxd7 Nxd1 27. Rxd8+
Qxd8 28. Ne2 Nxe3 29. Qc1 Nxg2 30. Kxg2 Qd3 31. Nf4 Qf3+ 0-1

[Event "Gibraltar ChallWk2 11th"]
[Site "Gibraltar"]
[Date "2013.01.28"]
[Round "3.18"]
[White "Erdelyi, Tamas"]
[Black "Reppen, Ellisiv"]
[Result "1-0"]
[WhiteElo "2122"]
[BlackElo "2005"]
[PlyCount "87"]
[EventDate "2013.01.26"]
[EventType "swiss"]
[EventRounds "5"]
[EventCountry "GGB"]
[SourceTitle "BritBase"]
[Source "www.saund.co.uk"]
[SourceDate "2018.02.10"]
[SourceVersion "1"]
[SourceVersionDate "2018.02.10"]
[SourceQuality "1"]

1. Nf3 Nf6 2. c4 c5 3. g3 g6 4. Bg2 Bg7 5. d4 cxd4 6. Nxd4 Nc6 7. Nc2 O-O 8.
Nc3 d6 9. O-O Bd7 10. b3 Qc8 11. Bb2 Bh3 12. Ne3 Bxg2 13. Kxg2 Rd8 14. Qd2 Qd7
15. Ncd5 Nxd5 16. Nxd5 Bxb2 17. Qxb2 Rac8 18. Rad1 Qf5 19. Rd3 Re8 20. Re3 b5
21. f4 bxc4 22. bxc4 Rb8 23. Qc3 h5 24. h3 Qc8 25. Kh2 Qb7 26. f5 Ne5 27. Rxe5
dxe5 28. fxg6 fxg6 29. Qxe5 Qd7 30. c5 Rbd8 31. e4 Rf8 32. c6 Qe8 33. Rf4 Rxf4
34. gxf4 Kh7 35. c7 Rc8 36. Nxe7 Ra8 37. Qe6 a5 38. f5 gxf5 39. exf5 h4 40.
Qg6+ Qxg6 41. fxg6+ Kg7 42. c8=Q Rxc8 43. Nxc8 Kxg6 44. Nb6 1-0

[Event "Gibraltar ChallWk2 11th"]
[Site "Gibraltar"]
[Date "2013.01.28"]
[Round "3.19"]
[White "Campos Calvo-Sotelo, Juan"]
[Black "Dasaolu, Rotimi"]
[Result "1-0"]
[WhiteElo "1978"]
[BlackElo "2115"]
[PlyCount "67"]
[EventDate "2013.01.26"]
[EventType "swiss"]
[EventRounds "5"]
[EventCountry "GGB"]
[SourceTitle "BritBase"]
[Source "www.saund.co.uk"]
[SourceDate "2018.02.10"]
[SourceVersion "1"]
[SourceVersionDate "2018.02.10"]
[SourceQuality "1"]

1. b4 d5 2. e3 e5 3. a3 Bd6 4. c4 c6 5. Bb2 Be6 6. cxd5 cxd5 7. f4 f6 8. fxe5
fxe5 9. Nf3 Nd7 10. Bb5 Bg4 11. O-O Ngf6 12. Qb3 Qe7 13. Nc3 e4 14. Nh4 Qe5 15.
g3 d4 16. Nxe4 Qxe4 17. Bxd4 Be6 18. Bc4 Bh3 19. Bf7+ Kd8 20. d3 Qe7 21. Nf5
Bxf5 22. Rxf5 Rf8 23. Be6 Re8 24. Bxd7 Kxd7 25. Qa4+ Kc8 26. e4 Nd7 27. b5 Kb8
28. Raf1 Rf8 29. Qb3 Rxf5 30. Rxf5 Nf6 31. e5 Bc5 32. Bxc5 Qxc5+ 33. Kg2 Nd7
34. Qf7 1-0

[Event "Gibraltar ChallWk2 11th"]
[Site "Gibraltar"]
[Date "2013.01.28"]
[Round "3.20"]
[White "Byrn, Carsten"]
[Black "Gonzalvez Perales, Jose Luis"]
[Result "1/2-1/2"]
[WhiteElo "2114"]
[BlackElo "1984"]
[PlyCount "101"]
[EventDate "2013.01.26"]
[EventType "swiss"]
[EventRounds "5"]
[EventCountry "GGB"]
[SourceTitle "BritBase"]
[Source "www.saund.co.uk"]
[SourceDate "2018.02.10"]
[SourceVersion "1"]
[SourceVersionDate "2018.02.10"]
[SourceQuality "1"]

1. d4 Nf6 2. c4 c5 3. d5 b5 4. Nf3 d6 5. Qc2 bxc4 6. e4 g6 7. Na3 Bg7 8. Nxc4
O-O 9. Be2 e6 10. dxe6 Bxe6 11. O-O Nxe4 12. Qxe4 d5 13. Qc2 dxc4 14. Bxc4 Bf5
15. Qa4 Nd7 16. Bg5 Qc7 17. Bf4 Nb6 18. Bxc7 Nxa4 19. Be5 Nxb2 20. Bxg7 Kxg7
21. Rfc1 Rac8 22. h3 Rfd8 23. g4 Bd3 24. Bxd3 Rxd3 25. Kg2 c4 26. Rc2 c3 27.
Rb1 a5 28. h4 h6 29. g5 hxg5 30. hxg5 a4 31. Rbc1 Rc5 32. Ne1 Rd1 33. f4 a3 34.
Kf3 Rxc1 35. Rxc1 f6 36. Ke4 fxg5 37. fxg5 Na4 38. Nf3 Rb5 39. Rc2 Rb2 40. Nd4
Nc5+ 41. Kd5 Nb3 42. Rxc3 Nxd4 43. Rc7+ Kf8 44. Kxd4 Rxa2 45. Ke5 Rf2 46. Ra7
Rf5+ 47. Ke4 Rxg5 48. Rxa3 Kg7 49. Kf4 Rb5 50. Ra7+ Kh6 51. Ra8 1/2-1/2

[Event "Gibraltar ChallWk2 11th"]
[Site "Gibraltar"]
[Date "2013.01.28"]
[Round "3.21"]
[White "Adebajo, Olufemi"]
[Black "Cawley, Paul F"]
[Result "0-1"]
[WhiteElo "1949"]
[BlackElo "2113"]
[PlyCount "98"]
[EventDate "2013.01.26"]
[EventType "swiss"]
[EventRounds "5"]
[EventCountry "GGB"]
[SourceTitle "BritBase"]
[Source "www.saund.co.uk"]
[SourceDate "2018.02.10"]
[SourceVersion "1"]
[SourceVersionDate "2018.02.10"]
[SourceQuality "1"]

1. e4 Nc6 2. Nc3 e5 3. Nf3 Nf6 4. g3 Bc5 5. Bg2 d6 6. O-O O-O 7. h3 a6 8. d3 h6
9. Kh2 Be6 10. Nh4 d5 11. exd5 Nxd5 12. Nxd5 Bxd5 13. Bxd5 Qxd5 14. Qg4 Qe6 15.
Qh5 Ne7 16. f4 g6 17. Qxh6 exf4 18. Bxf4 Bd4 19. Rae1 Qd7 20. Be5 Bxe5 21. Rxe5
Nc6 22. Rg5 Ne7 23. Rf6 Qa4 24. Rf2 Qd4 25. Re2 Rae8 26. Rge5 Qd7 27. d4 b5 28.
c3 a5 29. g4 a4 30. a3 c6 31. Nf3 f6 32. Re6 Rf7 33. Qf4 Ref8 34. Qg3 Nd5 35.
Rd6 Qc7 36. Ree6 g5 37. Rxc6 Qb7 38. Rc5 Nf4 39. Re3 Rh7 40. h4 Re7 41. Rxe7
Qxe7 42. Qe1 Qd7 43. Rf5 Re8 44. Ne5 Qd5 45. Nf3 Qd7 46. Ne5 Qd5 47. Nf3 Rxe1
48. Rxd5 Re2+ 49. Kh1 Nxd5 0-1

[Event "Gibraltar ChallWk2 11th"]
[Site "Gibraltar"]
[Date "2013.01.28"]
[Round "3.23"]
[White "Nafri, Khalil"]
[Black "Canonne, Antoine"]
[Result "1-0"]
[WhiteElo "2091"]
[BlackElo "2002"]
[PlyCount "113"]
[EventDate "2013.01.26"]
[EventType "swiss"]
[EventRounds "5"]
[EventCountry "GGB"]
[SourceTitle "BritBase"]
[Source "www.saund.co.uk"]
[SourceDate "2018.02.10"]
[SourceVersion "1"]
[SourceVersionDate "2018.02.10"]
[SourceQuality "1"]

1. e4 c5 2. Nf3 e6 3. d4 cxd4 4. Nxd4 Bc5 5. Nb3 Bb6 6. c4 Ne7 7. Nc3 O-O 8.
Bf4 Bc7 9. Bd6 Bxd6 10. Qxd6 f5 11. Bd3 Nbc6 12. O-O f4 13. Be2 Ng6 14. Nd4
Nce5 15. Nf3 Nxf3+ 16. Bxf3 Qg5 17. Kh1 Ne5 18. b3 Rf6 19. Qd1 b6 20. Nb5 Bb7
21. Nd6 Bc6 22. b4 Raf8 23. b5 Ba8 24. Rc1 Nf7 25. Nxf7 R6xf7 26. Qd6 Rc8 27.
Rfd1 Qc5 28. Kg1 Qxd6 29. Rxd6 Kf8 30. Kf1 Ke7 31. c5 Rc7 32. Ke2 Rf8 33. e5
Bxf3+ 34. Kxf3 Rxc5 35. Rxc5 bxc5 36. Ra6 Rb8 37. a4 Rb7 38. Kxf4 Rc7 39. Ke3
c4 40. Kd2 c3+ 41. Kc2 Kd8 42. f4 Kc8 43. g3 Kb8 44. Rd6 Kc8 45. Rd3 Kb8 46.
Rxc3 Rb7 47. Rd3 Rc7+ 48. Kb3 Kb7 49. Rc3 Rxc3+ 50. Kxc3 a6 51. Kb4 axb5 52.
Kxb5 h6 53. Kc5 Kc7 54. a5 g5 55. fxg5 hxg5 56. h4 gxh4 57. gxh4 1-0

[Event "Gibraltar ChallWk2 11th"]
[Site "Gibraltar"]
[Date "2013.01.28"]
[Round "3.24"]
[White "Haddock, Paul"]
[Black "Schouten, Freek"]
[Result "0-1"]
[WhiteElo "1674"]
[BlackElo "2060"]
[PlyCount "50"]
[EventDate "2013.01.26"]
[EventType "swiss"]
[EventRounds "5"]
[EventCountry "GGB"]
[SourceTitle "BritBase"]
[Source "www.saund.co.uk"]
[SourceDate "2018.02.10"]
[SourceVersion "1"]
[SourceVersionDate "2018.02.10"]
[SourceQuality "1"]

1. e4 c5 2. d4 cxd4 3. c3 d5 4. Bb5+ Bd7 5. Bxd7+ Qxd7 6. Qxd4 dxe4 7. Qxe4 Nf6
8. Qe2 e6 9. Nf3 Nc6 10. O-O Be7 11. Rd1 Qc7 12. Bg5 O-O 13. Nbd2 Rad8 14. Nc4
Rxd1+ 15. Rxd1 Rd8 16. Rxd8+ Qxd8 17. Qd2 Qxd2 18. Nfxd2 b5 19. Bxf6 Bxf6 20.
Nd6 a6 21. N2e4 Be7 22. f4 f5 23. Nxb5 axb5 24. Nd2 Bc5+ 25. Kf1 Be3 0-1

[Event "Gibraltar ChallWk2 11th"]
[Site "Gibraltar"]
[Date "2013.01.28"]
[Round "3.25"]
[White "Petersen, Steffen"]
[Black "Kandic, Milan"]
[Result "1/2-1/2"]
[WhiteElo "1964"]
[BlackElo "2090"]
[PlyCount "109"]
[EventDate "2013.01.26"]
[EventType "swiss"]
[EventRounds "5"]
[EventCountry "GGB"]
[SourceTitle "BritBase"]
[Source "www.saund.co.uk"]
[SourceDate "2018.02.10"]
[SourceVersion "1"]
[SourceVersionDate "2018.02.10"]
[SourceQuality "1"]

1. e4 d6 2. Nf3 e5 3. Bc4 c6 4. Nc3 Be7 5. O-O b5 6. Be2 Nf6 7. d3 O-O 8. a3
Ne8 9. d4 Qc7 10. d5 a6 11. dxc6 Nxc6 12. Nd5 Qb7 13. Be3 Bd8 14. c3 f5 15.
exf5 Bxf5 16. Bg5 Bxg5 17. Nxg5 h6 18. Nf3 Rd8 19. Ne3 Be6 20. Qc2 d5 21. Rfd1
d4 22. cxd4 exd4 23. Nf1 Nf6 24. Ng3 Qb6 25. Bd3 Rc8 26. Qe2 Rfe8 27. Ne4 Qd8
28. Nxf6+ Qxf6 29. Qe4 Bb3 30. Qh7+ Kf7 31. Re1 Bc4 32. Qf5 Qxf5 33. Bxf5 Rxe1+
34. Rxe1 Rd8 35. Nd2 Bd5 36. Be4 Bxe4 37. Rxe4 Rd5 38. b4 Re5 39. Kf1 Ke6 40.
Ke2 Kd5 41. f3 a5 42. bxa5 Nxa5 43. Kd3 Nc6 44. Nb3 Rxe4 45. fxe4+ Ke5 46. Nd2
Kd6 47. Nf3 Kc5 48. e5 Kd5 49. e6 Kxe6 50. Nxd4+ Nxd4 51. Kxd4 Kd6 52. h4 h5
53. Kc3 Kc5 54. Kb3 Kd5 55. Kb4 1/2-1/2

[Event "Gibraltar ChallWk2 11th"]
[Site "Gibraltar"]
[Date "2013.01.28"]
[Round "3.27"]
[White "Gieritz, Dietmar"]
[Black "Campbell, Ian"]
[Result "1-0"]
[WhiteElo "2112"]
[BlackElo "1998"]
[PlyCount "31"]
[EventDate "2013.01.26"]
[EventType "swiss"]
[EventRounds "5"]
[EventCountry "GGB"]
[SourceTitle "BritBase"]
[Source "www.saund.co.uk"]
[SourceDate "2018.02.10"]
[SourceVersion "1"]
[SourceVersionDate "2018.02.10"]
[SourceQuality "1"]

1. Nf3 b5 2. d4 Bb7 3. e4 Bxe4 4. Bxb5 Nf6 5. O-O a6 6. Ba4 e6 7. c4 Be7 8. Nc3
Bg6 9. d5 O-O 10. Re1 Bb4 11. Bg5 h6 12. Bh4 Bh5 13. Qd3 c5 14. Ne5 g5 15. Bg3
d6 16. Nxf7 1-0

[Event "Gibraltar ChallWk2 11th"]
[Site "Gibraltar"]
[Date "2013.01.28"]
[Round "3.28"]
[White "Onabogun, Kolade"]
[Black "Brokko, Margit"]
[Result "1-0"]
[WhiteElo "1978"]
[BlackElo "2073"]
[PlyCount "69"]
[EventDate "2013.01.26"]
[EventType "swiss"]
[EventRounds "5"]
[EventCountry "GGB"]
[SourceTitle "BritBase"]
[Source "www.saund.co.uk"]
[SourceDate "2018.02.10"]
[SourceVersion "1"]
[SourceVersionDate "2018.02.10"]
[SourceQuality "1"]

1. e4 c5 2. Nf3 d6 3. c3 Nf6 4. Bd3 g6 5. Bc2 Bg7 6. h3 Nc6 7. O-O O-O 8. d4
cxd4 9. cxd4 Nb4 10. Bb3 a5 11. Nc3 Bd7 12. a3 Na6 13. a4 Rb8 14. Qe2 Qb6 15.
Ra3 Rfc8 16. e5 dxe5 17. dxe5 Nh5 18. Nd5 Qd8 19. Rd1 e6 20. Bg5 Qe8 21. Ne7+
Kh8 22. Nxc8 Rxc8 23. Bc2 Bf8 24. Rc3 Rxc3 25. bxc3 h6 26. Be3 Bxa4 27. Bxa4
Qxa4 28. Rd8 Kg7 29. Qd2 Be7 30. Bxh6+ Kh7 31. Rd7 Qa3 32. Bg5 Bf8 33. Rxf7+
Ng7 34. Qd8 Kg8 35. Be7 1-0

[Event "Gibraltar ChallWk2 11th"]
[Site "Gibraltar"]
[Date "2013.01.28"]
[Round "3.29"]
[White "Zanetti, Bruno"]
[Black "Romero Valencia, Fernando"]
[Result "1-0"]
[WhiteElo "2030"]
[BlackElo "1961"]
[PlyCount "57"]
[EventDate "2013.01.26"]
[EventType "swiss"]
[EventRounds "5"]
[EventCountry "GGB"]
[SourceTitle "BritBase"]
[Source "www.saund.co.uk"]
[SourceDate "2018.02.10"]
[SourceVersion "1"]
[SourceVersionDate "2018.02.10"]
[SourceQuality "1"]

1. d4 d5 2. c4 e5 3. dxe5 d4 4. Nf3 Nc6 5. e4 f6 6. exf6 Nxf6 7. Bd3 Bb4+ 8.
Bd2 O-O 9. O-O Bg4 10. Bxb4 Nxb4 11. a3 Nc6 12. Be2 Qe8 13. Nfd2 Qg6 14. Bxg4
Nxg4 15. h3 Nge5 16. Qb3 Qh6 17. c5+ Kh8 18. Qg3 Rf6 19. b4 Raf8 20. b5 Rg6 21.
Qh2 Nf3+ 22. Nxf3 Rxf3 23. bxc6 bxc6 24. Kh1 Qh5 25. Nd2 Rd3 26. Qxc7 h6 27.
Qc8+ Kh7 28. Qf5 Qe2 29. Nf3 1-0

[Event "Gibraltar ChallWk2 11th"]
[Site "Gibraltar"]
[Date "2013.01.28"]
[Round "3.30"]
[White "Suez-Panama, Gilles"]
[Black "Smith, Andrew Philip"]
[Result "1-0"]
[WhiteElo "1989"]
[BlackElo "2175"]
[PlyCount "81"]
[EventDate "2013.01.26"]
[EventType "swiss"]
[EventRounds "5"]
[EventCountry "GGB"]
[SourceTitle "BritBase"]
[Source "www.saund.co.uk"]
[SourceDate "2018.02.10"]
[SourceVersion "1"]
[SourceVersionDate "2018.02.10"]
[SourceQuality "1"]

1. Nf3 c5 2. b3 d5 3. Bb2 f6 4. e3 Nc6 5. Bb5 Bd7 6. c4 a6 7. Bxc6 Bxc6 8. d4
dxc4 9. bxc4 e6 10. O-O Nh6 11. Nc3 Bd6 12. d5 exd5 13. cxd5 Bd7 14. Ne4 Nf7
15. Qc2 Rc8 16. Nxd6+ Nxd6 17. e4 O-O 18. Rfe1 Bg4 19. Nd2 b5 20. h3 Bd7 21. f4
c4 22. Bd4 b4 23. Rac1 a5 24. Qd1 c3 25. Nb3 f5 26. e5 Ne4 27. e6 Bb5 28. Be5
Bc4 29. Rxe4 fxe4 30. Qg4 g6 31. d6 Rf5 32. e7 Qd7 33. Nd4 Bb5 34. Qh4 a4 35.
Nxf5 Qxf5 36. Qh6 Qf7 37. g4 c2 38. f5 b3 39. axb3 axb3 40. h4 Rc5 41. fxg6 1-0

[Event "Gibraltar ChallWk2 11th"]
[Site "Gibraltar"]
[Date "2013.01.28"]
[Round "3.31"]
[White "Ramirez Dominguez, Agustin"]
[Black "Georgieva, Emilia"]
[Result "1/2-1/2"]
[WhiteElo "2115"]
[BlackElo "1949"]
[PlyCount "76"]
[EventDate "2013.01.26"]
[EventType "swiss"]
[EventRounds "5"]
[EventCountry "GGB"]
[SourceTitle "BritBase"]
[Source "www.saund.co.uk"]
[SourceDate "2018.02.10"]
[SourceVersion "1"]
[SourceVersionDate "2018.02.10"]
[SourceQuality "1"]

1. e4 c6 2. d4 d5 3. Nc3 dxe4 4. Bc4 Nf6 5. f3 e3 6. Bxe3 Bf5 7. Nge2 e6 8. Bd3
Bxd3 9. Qxd3 Nd5 10. Nxd5 exd5 11. Bf4 Be7 12. O-O O-O 13. Ng3 g6 14. Bh6 Re8
15. f4 Nd7 16. f5 Bg5 17. fxg6 hxg6 18. Qf3 Bf6 19. c3 Re6 20. Bg5 Qe8 21. Qg4
Bg7 22. h4 Nf6 23. Bxf6 Rxf6 24. Rxf6 Bxf6 25. Nh5 Bg7 26. Nxg7 Qe3+ 27. Kf1
Kxg7 28. Re1 Qd3+ 29. Kf2 Rh8 30. Re7 Rh5 31. Qe2 Rf5+ 32. Kg1 Qb1+ 33. Kh2 Qc1
34. Rxb7 Kh7 35. Rxa7 Rf1 36. Qe5 Rf5 37. Qe2 Rf1 38. Qe5 Rf5 1/2-1/2

[Event "Gibraltar ChallWk2 11th"]
[Site "Gibraltar"]
[Date "2013.01.28"]
[Round "3.32"]
[White "Meyer, Thorlejf"]
[Black "Uran Bermudez, Oliver Kevin"]
[Result "0-1"]
[WhiteElo "1944"]
[BlackElo "2113"]
[PlyCount "141"]
[EventDate "2013.01.26"]
[EventType "swiss"]
[EventRounds "5"]
[EventCountry "GGB"]
[SourceTitle "BritBase"]
[Source "www.saund.co.uk"]
[SourceDate "2018.02.10"]
[SourceVersion "1"]
[SourceVersionDate "2018.02.10"]
[SourceQuality "1"]

1. e4 d5 2. exd5 Qxd5 3. Nc3 Qd6 4. Nf3 c6 5. Bc4 Nf6 6. h3 e6 7. O-O Be7 8. d3
O-O 9. Be3 Nbd7 10. Qe2 b6 11. Rad1 Bb7 12. Bb3 Qc7 13. Nd2 c5 14. Nde4 a6 15.
Bg5 Qc6 16. f3 Nxe4 17. Nxe4 Bxg5 18. Nxg5 Nf6 19. Qf2 Rad8 20. c3 h6 21. Ne4
Nd5 22. Bxd5 exd5 23. Ng3 Qg6 24. d4 c4 25. f4 f6 26. Qf3 Rfe8 27. f5 Qg5 28.
Rfe1 Kf7 29. Kf2 Bc6 30. Qh5+ Qxh5 31. Nxh5 Ba4 32. Rd2 g6 33. Rxe8 Bxe8 34.
fxg6+ Kxg6 35. Nf4+ Kf7 36. Kf3 Bd7 37. Re2 Bf5 38. g3 b5 39. g4 Be4+ 40. Ke3
a5 41. Kd2 b4 42. Re1 Rb8 43. Rf1 Rb6 44. Re1 Ra6 45. Ra1 bxc3+ 46. Kxc3 a4 47.
Kb4 Rb6+ 48. Kc3 Rb7 49. Re1 f5 50. gxf5 Kf6 51. Rf1 Rb6 52. h4 Ra6 53. Kb4 Ra8
54. Rf2 Rb8+ 55. Kc3 a3 56. bxa3 Rb1 57. a4 Rc1+ 58. Kb2 Rb1+ 59. Kc3 Re1 60.
a5 Re3+ 61. Kd2 Ra3 62. Kc1 c3 63. Nh5+ Kf7 64. Ng3 Bd3 65. Rf3 Bc4 66. Re3
Bxa2 67. Kc2 Bb1+ 68. Kc1 h5 69. Ne2 Bxf5 70. Rxc3 Rxa5 71. Nf4 {No further
moves were recorded} 0-1

[Event "Gibraltar ChallWk2 11th"]
[Site "Gibraltar"]
[Date "2013.01.28"]
[Round "3.33"]
[White "Gravett, Alan D"]
[Black "Samu, Sorin-Mihai"]
[Result "0-1"]
[WhiteElo "1869"]
[BlackElo "2095"]
[PlyCount "140"]
[EventDate "2013.01.26"]
[EventType "swiss"]
[EventRounds "5"]
[EventCountry "GGB"]
[SourceTitle "BritBase"]
[Source "www.saund.co.uk"]
[SourceDate "2018.02.10"]
[SourceVersion "1"]
[SourceVersionDate "2018.02.10"]
[SourceQuality "1"]

1. g3 d5 2. Nf3 Nd7 3. d4 Ngf6 4. Bg2 e6 5. O-O Be7 6. b3 O-O 7. Bb2 a5 8. a4
Re8 9. Nbd2 c6 10. Ne5 Qc7 11. e4 dxe4 12. Nxe4 Nxe4 13. Bxe4 Nf6 14. Bg2 Rd8
15. Qe2 Bd7 16. c4 Be8 17. Rfd1 Qb6 18. Rd3 c5 19. d5 Rd6 20. Rad1 Rad8 21.
R1d2 Qc7 22. Ng4 Nxg4 23. Qxg4 f6 24. Be4 exd5 25. Bxd5+ Kh8 26. Qf3 Bg6 27.
Be4 Rxd3 28. Rxd3 b6 29. Bxg6 hxg6 30. Bc1 g5 31. Qd1 Rxd3 32. Qxd3 Qe5 33. Bd2
Qb2 34. Kg2 Kg8 35. Be3 Kf8 36. Bd2 g6 37. h4 gxh4 38. Bh6+ Kf7 39. Qd5+ Ke8
40. Qc6+ Kf7 41. Qd5+ Ke8 42. Qc6+ Kd8 43. Qxb6+ Kd7 44. gxh4 Qd4 45. Qb5+ Ke6
46. Qc6+ Kf7 47. Qd5+ Qxd5+ 48. cxd5 f5 49. Bd2 Ke8 50. Kf3 Bd8 51. Bf4 Bxh4
52. Bd6 Be7 53. Bc7 Kd7 54. Bxa5 Kd6 55. b4 c4 56. b5 Kxd5 57. Bc3 Bd6 58. Ke3
g5 59. b6 Bc5+ 60. Kf3 Bxb6 61. a5 Bc5 62. Bb2 Kc6 63. Bc3 Kb5 64. Kg3 Be7 65.
Kf3 Bd8 66. Ke3 Bxa5 67. Bf6 Bb6+ 68. Kd2 Kc6 69. Kc2 Kd5 70. Kc3 Ba5+ 0-1